| 000 | 00383nam a22001457a 4500 | ||
|---|---|---|---|
| 005 | 20231206114755.0 | ||
| 008 | 231206b |||||||| |||| 00| 0 eng d | ||
| 082 |
_a658.005 _bARS |
||
| 100 | _aArshad Awan | ||
| 245 | _aSanati Nizamat aur Rawabat e Insaani | ||
| 260 |
_aLahore _bAllied Book Centre _c2013 |
||
| 300 |
_a248 _bxi |
||
| 650 | _aApplied Sciences/Management | ||
| 999 |
_c34798 _d34798 |
||